00723cam a2200241 a 450000100090000000300050000900500170001400800410003101000170007202000180008904000180010704200150012504300120014005000240015210000230017624500880019925000260028726000500031330000310036365000360039465000280043070000230045816929834PILC20160808160313.0110822s2011 ph 000 0 eng  a 2011308299 a9789712368257 aDLCcDLCdDLC alcodeapcc aa-ph---00aKPM 810b.D346 20141 aDe Leon, Hector S.14aThe law on obligations and contracts /cby Hector S. De Leon and Hector M. De Leon. a2014 revised edition. aManila, Philippines :bRex Book Store,c2014. axxiii, 494 pages ;c23 cm. 0aObligations (Law)zPhilippines. 0aContractszPhilippines.1 aDe Leon, Hector M.